000 00612nam a2200229Ia 4500
003 OSt
005 20221006163955.0
006 a|||||r|||| 00| 0
007 ta
008 221006b |||||||| |||| 00| 0 eng d
024 _a7,001
037 _cTextual
040 _aFML
_cFML
_beng
041 _2eng
_aeng
082 _aN5 ' L, L2
100 _aBenton Tim Au.
_9676335
245 0 _aThe Concept Of High Art And The Reaction To It
260 _bThe Open University Press -----
_c1972
300 _a88
_ccm.
942 _hN5 ' L, L2
_cTEXL
_2CC
999 _c1115861
_d1115861